| 000 | 00000cas 2200000zi 4500 |
| 001 | 9.961898 |
| 003 | CaOODSP |
| 005 | 20260515161219 |
| 006 | m o d f |
| 007 | cr cn |||||||| |
| 008 | 260414c20169999oncar p o f0 a0eng|d |
| 022 | |a3111-0851 |
| 040 | |aCaOODSP|beng|erda|cCaOODSP |
| 043 | |an-cn--- |
| 086 | 1 |aCi1-78E-PDF |
| 110 | 1 |aCanada. |bImmigration, Refugees and Citizenship Canada, |eauthor, |eissuing body. |
| 222 | 0|aConsolidated financial statements for the year ended ... |b(Canada. Immigration, Refugees and Citizenship Canada) |
| 245 | 10|aConsolidated financial statements for the year ended ... |
| 264 | 1|a[Ottawa] : |bImmigration, Refugees and Citizenship Canada, |c[2016]- |
| 310 | |aAnnual |
| 336 | |atext|btxt|2rdacontent |
| 337 | |acomputer|bc|2rdamedia |
| 338 | |aonline resource|bcr|2rdacarrier |
| 362 | 1 |aBegan with: March 31, 2016. |
| 500 | |aIssued also in French under title: États financiers consolidés pour l'exercice terminé le ... |
| 500 | |aSome issues are only available in HTML format. |
| 588 | |aDescription based on: March 31, 2016; title from HTML header. |
| 588 | |aLatest issue consulted: March 31, 2025. |
| 610 | 10|aCanada. |bImmigration, Refugees and Citizenship Canada|xAppropriations and expenditures|vPeriodicals. |
| 650 | 0|aFinancial statements, Unaudited|zCanada|vPeriodicals. |
| 655 | 7|aPeriodicals|2lcgft |
| 775 | 08|tÉtats financiers consolidés pour l'exercice terminé le ...|w(CaOODSP)9.961897 |